Supervision : (Record no. 7157)
[ view plain ]
| 000 -LEADER | |
|---|---|
| fixed length control field | 01092cam a2200325 i 4500 |
| 001 - ACCESSION NUMBER | |
| control field | 46491 |
| 003 - CONTROL NUMBER IDENTIFIER | |
| control field | OSt |
| 005 - DATE AND TIME OF LATEST TRANSACTION | |
| control field | 20220913161510.0 |
| 008 - FIXED-LENGTH DATA ELEMENTS--GENERAL INFORMATION | |
| fixed length control field | 130201s2014 nyu 000 0 eng |
| 020 ## - INTERNATIONAL STANDARD BOOK NUMBER | |
| International Standard Book Number | 9780073378664 (alk. paper) |
| 040 ## - CATALOGING SOURCE | |
| Original cataloging agency | DLC |
| Language of cataloging | eng |
| Transcribing agency | DLC |
| Description conventions | rda |
| Modifying agency | DLC |
| 042 ## - AUTHENTICATION CODE | |
| Authentication code | pcc |
| 050 00 - LIBRARY OF CONGRESS CALL NUMBER | |
| Classification number | LB2806.4 |
| Item number | .S47 2014 |
| 082 00 - DEWEY DECIMAL CLASSIFICATION NUMBER | |
| Classification number | CR/ 371.2 |
| Edition number | 23 |
| 245 10 - TITLE STATEMENT | |
| Title | Supervision : |
| Remainder of title | a redefinition / |
| Statement of responsibility, etc. | Thomas J. Sergiovanni, Trinity University, Robert J. Starratt, Boston College, Vincent Cho, Boston College. |
| 250 ## - EDITION STATEMENT | |
| Edition statement | NINTH EDITION. |
| 264 #1 - PRODUCTION, PUBLICATION, DISTRIBUTION, MANUFACTURE, AND COPYRIGHT NOTICE | |
| Place of production, publication, distribution, manufacture | New York, NY : |
| Name of producer, publisher, distributor, manufacturer | McGraw-Hill, |
| Date of production, publication, distribution, manufacture, or copyright notice | [2014] |
| 300 ## - PHYSICAL DESCRIPTION | |
| Extent | xiii, 199 pages : |
| Other physical details | illustrations ; |
| Dimensions | 24 cm |
| 336 ## - CONTENT TYPE | |
| Content type term | text |
| Source | rdacontent |
| 337 ## - MEDIA TYPE | |
| Media type term | unmediated |
| Source | rdamedia |
| 338 ## - CARRIER TYPE | |
| Carrier type term | volume |
| Source | rdacarrier |
| 650 #0 - SUBJECT ADDED ENTRY--TOPICAL TERM | |
| Geographic subdivision | United States. |
| 650 #0 - SUBJECT ADDED ENTRY--TOPICAL TERM | |
| Geographic subdivision | United States. |
| 650 #0 - SUBJECT ADDED ENTRY--TOPICAL TERM | |
| Geographic subdivision | United States. |
| 700 1# - ADDED ENTRY--PERSONAL NAME | |
| Personal name | Starratt, Robert J. |
| 700 1# - ADDED ENTRY--PERSONAL NAME | |
| Personal name | Cho, Vincent, |
| Dates associated with a name | 1963- |
| 906 ## - LOCAL DATA ELEMENT F, LDF (RLIN) | |
| a | 7 |
| b | cbc |
| c | orignew |
| d | 1 |
| e | ecip |
| f | 20 |
| g | y-gencatlg |
| 942 ## - ADDED ENTRY ELEMENTS (KOHA) | |
| Source of classification or shelving scheme | Dewey Decimal Classification |
| Koha item type | Books |
| Withdrawn status | Lost status | Source of classification or shelving scheme | Damaged status | Not for loan | Home library | Current library | Date acquired | Total Checkouts | Full call number | Date last seen | Price effective from | Koha item type | Barcode |
|---|---|---|---|---|---|---|---|---|---|---|---|---|---|
| Dewey Decimal Classification | Camp Road Library | Camp Road Library | 06/13/2017 | CR/ 371.2 (46499) | 06/13/2017 | 06/13/2017 | Books | ||||||
| Dewey Decimal Classification | Camp Road Library | Camp Road Library | 06/13/2017 | CR/ 371.2 (46500) | 06/13/2017 | 06/13/2017 | Books | ||||||
| Dewey Decimal Classification | Wesley Powell Learning Resource Centre | Wesley Powell Learning Resource Centre | 06/13/2017 | 371.2/SER | 06/13/2017 | 06/13/2017 | Books | 46490 | |||||
| Dewey Decimal Classification | Wesley Powell Learning Resource Centre | Wesley Powell Learning Resource Centre | 06/13/2017 | 371.2/SER | 06/13/2017 | 06/13/2017 | Books | 46491 | |||||
| Dewey Decimal Classification | Wesley Powell Learning Resource Centre | Wesley Powell Learning Resource Centre | 06/13/2017 | 371.2/SER | 06/13/2017 | 06/13/2017 | Books | 46492 | |||||
| Dewey Decimal Classification | Wesley Powell Learning Resource Centre | Wesley Powell Learning Resource Centre | 06/13/2017 | 371.2/SER | 06/13/2017 | 06/13/2017 | Books | 46493 | |||||
| Dewey Decimal Classification | Wesley Powell Learning Resource Centre | Wesley Powell Learning Resource Centre | 06/13/2017 | 371.2/SER | 06/13/2017 | 06/13/2017 | Books | 46494 | |||||
| Dewey Decimal Classification | Not For Loan | Wesley Powell Learning Resource Centre | Wesley Powell Learning Resource Centre | 06/13/2017 | R/ 371.2/SER | 06/13/2017 | 06/13/2017 | Books | 46495 | ||||
| Dewey Decimal Classification | Not For Loan | Wesley Powell Learning Resource Centre | Wesley Powell Learning Resource Centre | 06/13/2017 | R/ 371.2/SER | 06/13/2017 | 06/13/2017 | Books | 46496 | ||||
| Dewey Decimal Classification | Wesley Powell Learning Resource Centre | Wesley Powell Learning Resource Centre | 12/04/2017 | CR/ 371.2 SER ( 46788) | 12/04/2017 | 12/04/2017 | Books | 46788 | |||||
| Dewey Decimal Classification | Wesley Powell Learning Resource Centre | Wesley Powell Learning Resource Centre | 12/04/2017 | M/ 371.2( 46804) | 12/04/2017 | 12/04/2017 | Books | 46804 | |||||
| Dewey Decimal Classification | Wesley Powell Learning Resource Centre | Wesley Powell Learning Resource Centre | 12/04/2017 | M/ 371.2(46805) | 12/04/2017 | 12/04/2017 | Books | 46805 |